000 006100000a22002170004500
999 _c49385
_d49385
001 2239
003 CO-MdFUSB
005 20170704144015.0
008 170704b xxu||||| |||| 00| 0 eng d
020 _a978842369426-6
040 _cCO-MdFUSB
082 0 4 _a863N Si172g
100 1 _aSierra i Fabra, Jordi
110 1 _aSierra i Fabra, Jordi
245 1 0 _aGulliver siglo XXI
250 _aPrimera edición
260 _aEspaña : Edebé
300 _a152p / 30x23
505 0 0 _aGulliver SXXI -- La fabulosa leyenda del rey Arturo -- Las mil y una noches o casi -- Tu acabas los poemas
942 _cLGB